Το γράμμα μιας άγνωστης
Αποθηκεύτηκε σε:
| Κύριος συγγραφέας: | |
|---|---|
| Άλλοι συγγραφείς: | |
| Μορφή: | Βιβλίο |
| Γλώσσα: | Greek German |
| Δημοσίευση: |
Αθήνα :
Ροές,
c2003.
|
| Σειρά: | Γερμανόφωνοι συγγραφείς
|
| Θέματα: | |
| Ετικέτες: |
Προσθήκη ετικέτας
Δεν υπάρχουν, Καταχωρήστε ετικέτα πρώτοι!
|
MARC
| LEADER | 00000nam a2200000 a 4500 | ||
|---|---|---|---|
| 001 | 1/110660 | ||
| 008 | 160425s2003####gr | ||| |||| ||gre|| | ||
| 020 | |a 960283174X | ||
| 040 | |a GR-MyUa |b gre |c GR-MyUa |e AACR2 | ||
| 041 | 1 | |a gre |h ger | |
| 082 | 7 | |a 833 |2 (23) | |
| 100 | 1 | |a Zweig, Stefan, |d 1881-1942. | |
| 245 | 1 | 3 | |a Το γράμμα μιας άγνωστης / |c Στέφαν Τσβάιχ ; πρόλογος, μετάφραση, επίμετρο: Τατιάνα Λιάνη. |
| 260 | |a Αθήνα : |b Ροές, |c c2003. | ||
| 300 | |a 103 σ. ; |c 19 εκ. | ||
| 490 | 1 | |a (Γερμανόφωνοι συγγραφείς) | |
| 500 | |a Μετάφραση του: Brief einer Unbekannten. | ||
| 650 | 0 | |a Austrian fiction. | |
| 700 | 1 | |a Λιάνη, Τατιάνα, |e trlf |e aui | |
| 830 | 0 | |a Γερμανόφωνοι συγγραφείς | |
| 852 | |a INST |b RHODES |c EUDOXUS |e 20180125 |h 833 ZWE |p 005400039822 |q 005400039822 |t EDX |y 4 |x 20200212 | ||
| 852 | |a INST |b SYROS |e 20160425 |h 833 ZWE |p 005500011646 |q 005500011646 |t BK |y 0 | ||
| 920 | |a Εύδοξος |b Παραγγελία |y Ρόδος-ΤΕΠΑΕΣ |z 2018-01 | ||
| 920 | |a Εκδόσεις Ροές/Printa |y Σύρος |z 2016-04 | ||
| 970 | |a Κοντού |b Παρασκευή |z 25/04/2016 | ||